000 00231 a2200097 4500
001 24964
100 _aChirlian, P.M
245 _aIntegrated actave network analysis synthesis
260 _a
_bPrentic Hall
_c
090 _c16910
_d16910
942 _aNUST-CAE
_cM
_c7681
999 _c260037
_d260037